01594nam a2200265Ia 4500001000600000003000900006008004100015040001300056040001300069041001300082100002100095100002900116245012300145245012200268250001100390260000900401260001700410260004900427300004300476500070300519650003501222650003101257700001101288700002901299D5115IT-RoPAU130308s9999 xx 000 0 und d aIT-RoPAU cIT-RoPAU aITALIANO aBallardini Bruno gCodice Aut. SPICS: 23312 aManuale di disinformazione. I media come arma impropria: metodi, tecniche, strumenti per la distruzione della realtà bManuale di Disinformazione. I Media Come Arma Impropria: Metodi, Tecniche, Strumenti per la Distruzione della Realta' a1a ed. aROMA bCastelvecchi c1995 [1° Ed.:1995 - Ed.Ling.Originale:1995] a"188 p. (prefazione: no ; testo: 188)" aDisinformazione Altra faccia dell'Informazione. Disinformazione Anima della Propaganda, dell'ideologia e dei Mass Media. Ma Puo' Essere Anche Strumento utile per combattere Il nemico Sul suo Stesso Terreno. nel Saggio Introduttivo l'autore presenta Tecniche e strategie della Disinformazione Come Sono State Utilizzate nel Passato. presenta Poi Alcuni contributi di Esperti Sull'Argomento, Sul futuro della Disinformazione. chiude Il Volume un suo Saggio Sulle Azioni psicologiche nella Guerriglia: Guerrigliero Combattente Propagandista, propaganda Armata, Squadre di propaganda Armata, Sviluppo e Controllo delle Organizzazioni del Fronte, Controllo delle concentrazioni Edelle Riunioni di Massa. aSAGGI DI COMUNICAZIONE SOCIALE eCodice materia Spics: 3807 aAA.VV. gCodice Aut. SPICS: 12000